Worlds in collision. (Record no. 544038)

000 -LEADER
fixed length control field 00524cam a22001811 4500
082 ## - DEWEY DECIMAL CLASSIFICATION NUMBER
Classification number 522.7
Author Mark VEL
-- L-27, P-15
100 1# - MAIN ENTRY--PERSONAL NAME
Personal name Velikovsky, Immanuel,
9 (RLIN) 39576
245 10 - TITLE STATEMENT
Title Worlds in collision.
260 ## - PUBLICATION, DISTRIBUTION, ETC.
Place of publication, distribution, etc. [New York,
Name of publisher, distributor, etc. Dell Pub. Co.]
Date of publication, distribution, etc. 1965 [c1950]
300 ## - PHYSICAL DESCRIPTION
Extent xxi, 401 p.
Dimensions 21cm.
490 0# - SERIES STATEMENT
Series statement (A Delta book)
500 ## - GENERAL NOTE
General note "First Delta printing January 1965."
526 ## - STUDY PROGRAM INFORMATION NOTE
Program name 0
Interest level 0
Reading level 0
Title point value 522_700000000000000_VEL
650 #0 - SUBJECT ADDED ENTRY--TOPICAL TERM
Topical term or geographic name entry element MCE
9 (RLIN) 379
650 #0 - SUBJECT ADDED ENTRY--TOPICAL TERM
Topical term or geographic name entry element Planets.
9 (RLIN) 39577
650 #0 - SUBJECT ADDED ENTRY--TOPICAL TERM
Topical term or geographic name entry element Stars
General subdivision Folklore.
9 (RLIN) 39578
942 ## - ADDED ENTRY ELEMENTS (KOHA)
Source of classification or shelving scheme
Koha item type Book
Holdings
Withdrawn status Lost status Source of classification or shelving scheme Damaged status Not for loan Permanent Location Current Location Date acquired Total Checkouts Full call number Barcode Date last seen Price effective from Koha item type
          Military College of Engineering (MCE) Military College of Engineering (MCE) 04/09/2014   522.7 VEL MCE-30974 04/09/2014 04/09/2014 Book
© 2023 Central Library, National University of Sciences and Technology. All Rights Reserved.